A. WESLEY POWELL LEARNING RESOURCE CENTRE (WPLRC)

Wonderful Place to Learn, Research & Collaborate

Introduction to geography : (Record no. 966)

MARC details
000 -LEADER
fixed length control field 01060cam a2200277 a 4500
001 - ACCESSION NUMBER
control field 30045
003 - CONTROL NUMBER IDENTIFIER
control field OSt
005 - DATE AND TIME OF LATEST TRANSACTION
control field 20141013110258.0
008 - FIXED-LENGTH DATA ELEMENTS--GENERAL INFORMATION
fixed length control field 980430s1999 nyuab b 001 0 eng
020 ## - INTERNATIONAL STANDARD BOOK NUMBER
International Standard Book Number 013907452X
040 ## - CATALOGING SOURCE
Original cataloging agency DLC
Transcribing agency DLC
Modifying agency DLC
042 ## - AUTHENTICATION CODE
Authentication code lcac
050 00 - LIBRARY OF CONGRESS CALL NUMBER
Classification number G128
Item number .B372 1999
082 00 - DEWEY DECIMAL CLASSIFICATION NUMBER
Classification number 910
Edition number 21
100 1# - MAIN ENTRY--PERSONAL NAME
Personal name Bergman, Edward F.
245 10 - TITLE STATEMENT
Title Introduction to geography :
Remainder of title people, places, and environment /
Statement of responsibility, etc. Edward F. Bergman, William H. Renwick.
246 30 - VARYING FORM OF TITLE
Title proper/short title Geography
260 ## - PUBLICATION, DISTRIBUTION, ETC. (IMPRINT)
Place of publication, distribution, etc. Upper Saddle River, N.J. :
Name of publisher, distributor, etc. Prentice Hall,
Date of publication, distribution, etc. c1999.
300 ## - PHYSICAL DESCRIPTION
Extent xx, 553 p. :
Other physical details ill. (some col.), maps (some col.) ;
Dimensions 28 cm.
504 ## - BIBLIOGRAPHY, ETC. NOTE
Bibliography, etc Includes bibliographical references and index.
650 #0 - SUBJECT ADDED ENTRY--TOPICAL TERM
Topical term or geographic name as entry element Geography.
700 1# - ADDED ENTRY--PERSONAL NAME
Personal name Renwick, William H.
906 ## - LOCAL DATA ELEMENT F, LDF (RLIN)
a 7
b cbc
c orignew
d 1
e ocip
f 19
g y-gencatlg
942 ## - ADDED ENTRY ELEMENTS (KOHA)
Source of classification or shelving scheme Dewey Decimal Classification
Koha item type Books
Holdings
Withdrawn status Lost status Source of classification or shelving scheme Damaged status Not for loan Home library Current library Date acquired Total Checkouts Full call number Barcode Date last seen Price effective from Koha item type
    Dewey Decimal Classification   Not For Loan Wesley Powell Learning Resource Centre Wesley Powell Learning Resource Centre 10/13/2014   RBC/910 BER 30045 10/13/2014 10/13/2014 Books